000 00600nam a2200205 a 4500
001 BRCA_2743
005 20190320203941.0
008 041208s1922----gw-a---###---#000-0#ger-u
050 4 _aN6415
_b.R67 1922
100 1 _aRose, Hans
_97728
245 1 0 _aSpatbarock
_bStudien zur Geschichte des Profanbaues in den Jahren 1660 - 1760
_cvon Hans Rose.
260 _aMunchen
_bHugo Bruckmann
_c1922
300 _axii, 284 p.
_bil.
_c30 cm.
500 _aIncluye índice alfabético.
500 _aAA66
650 1 4 _aArte barroco
_93994
650 1 4 _aArte
_xHistoria
_97729
902 _aGFM
942 _2lcc
_cB
999 _c2483
_d2483